01007 2200313 4500001002100000005001500021035002000036007000300056008004100059020002200100082001500122084001700137100002600154245013700180250003200317300003800349650002200387700003100409504003300440264004600473336002100519337003000540338002300570040002200593090002200615850001200637999002200649990002200671INLIS00000000087819220230503112343 a0010-0523000069ta230503b2023 xx a g ind d a978-623-400-506-604223a155.25 a155.25 DEW s0 aDewi IndraePengarang10aSelf love :bterkadang kita terlalu sibuk bahkan sekadar mencintai diri sendiri saja sulit /cDewi Indra; penyunting, Herman Adamson aCetakan pertama, April 2023 ax, 198 halaman :bgambar ;c20 cm04aPengembangan diri0 aHerman AdamsonePenyunting aBibliografi: halaman 193-19431aYogyakarta :bAnak Hebat Indonesia,c2023 2rdacontentateks 2rdamediaatanpa perantara 2rdacarrieravolume aYOPDYOGbinderda aCB-D.11 2023-0301 aYOPDYOG aCB-D.11/2023-0301 aCB-D.11/2023-0301